Normal view
MARC view
- القانون الدستوري -- قطر -- مقالات ومحاضرات -- القانون الدستوري -- مقالات ومحاضرات -- القانون الإداري -- قطر
Entry Topical Term
001 - CONTROL NUMBER
- control field: 53019
003 - CONTROL NUMBER IDENTIFIER
- control field: JO-AjAnu
005 - DATE AND TIME OF LATEST TRANSACTION
- control field: 20230606082718.0
008 - FIXED-LENGTH DATA ELEMENTS
- fixed length control field: 230606|| aca||aabn | a|a d
040 ## - CATALOGING SOURCE
- Original cataloging agency: JO-AjAnu
- Transcribing agency: JO-AjAnu
150 ## - HEADING--TOPICAL TERM
- Topical term or geographic name entry element: القانون الدستوري -- قطر -- مقالات ومحاضرات -- القانون الدستوري -- مقالات ومحاضرات -- القانون الإداري -- قطر
670 ## - SOURCE DATA FOUND
- Source citation: Work cat.: (JO-AjAnu)27088: السيد، حسن بن عبدالرحيم, author 53018, وقفات دستورية : محاولة لنشر الثقافة الدستورية في المجتمع القطري